Textilie v obalové technice II

Použitie textílií na fixáciu výrobkov pri preprave. Systémy textilnej fixácie. Flexycell od firmy ConTeyor. Fleeceguard - špeciálny materiál na báze netkaných textílií vyvinutý firmou Knüppel. Prepravné boxy s flexibilnou fixáciou. Aplikácia textílií v obaloch.

Na minha lista:
Detalhes bibliográficos
Autor principal: Vítek, Miloslav
Formato: Capítulo de Livro
Idioma:tcheco
Assuntos:
Tags: Adicionar Tag
Sem tags, seja o primeiro a adicionar uma tag!

MARC

LEADER 00000naa a2200000 4500
001 0190538
005 20231211081621.3
041 0 |a cze 
044 |a CZ 
245 1 0 |a Textilie v obalové technice II  |c Miloslav Vítek 
520 |a Použitie textílií na fixáciu výrobkov pri preprave. Systémy textilnej fixácie. Flexycell od firmy ConTeyor. Fleeceguard - špeciálny materiál na báze netkaných textílií vyvinutý firmou Knüppel. Prepravné boxy s flexibilnou fixáciou. Aplikácia textílií v obaloch. 
610 2 0 |a obaly 
610 2 0 |a technika obalová 
610 2 0 |a balenie 
610 2 0 |a tovar 
610 2 0 |a preprava 
100 1 |a Vítek, Miloslav